[Event "ICS rated blitz match"]
[Site "204.178.125.65"]
[Date "2000.03.10"]
[Round "?"]
[White "Hossa"]
[Black "Zippy"]
[Result "1-0"]
[WhiteElo "2400"]
[BlackElo "2349"]
[PlyCount "207"]

1. e4 c5 2. Nf3 e6 3. d4 cxd4 4. Nxd4 Nf6 5. Nc3 d6 6. Be2 e5 7. Bb5+ Bd7 8.
Bxd7+ Qxd7 9. Nf3 Qg4 10. O-O Nxe4 11. Qd5 Nc5 12. Rd1 Qd7 13. Be3 Ne6 14. Ne4
Nc6 15. Bc5 Nxc5 16. Nxc5 Qc7 17. Ne4 O-O-O 18. Nc3 Qe7 19. Qb3 Kb8 20. Nd5 Qd7
21. Rd2 f5 22. Rad1 g6 23. Qc4 e4 24. Nd4 Bg7 25. Nxc6+ Qxc6 26. Qb3 Rhe8 27.
Qh3 h6 28. Qb3 Be5 29. Qe3 Qa4 30. a3 Bxb2 31. Qxh6 Qxa3 32. Qxg6 Rf8 33. Qh7
Qa4 34. Qc7+ Ka8 35. Qe7 Qd7 36. Qxd7 Rxd7 37. c3 Ba3 38. g3 Bc5 39. h4 b5 40.
Rb1 a6 41. Ra2 Ra7 42. Kf1 Kb7 43. Kg2 Rh8 44. Ra5 Rh6 45. Rb2 Rg6 46. c4 Bb6
47. Raa2 Rg7 48. cxb5 axb5 49. Rxa7+ Bxa7 50. Rxb5+ Kc6 51. Ra5 Bc5 52. Ne3 f4
53. Nf5 Rf7 54. Ra6+ Kd5 55. g4 Rb7 56. Ra2 Ke6 57. h5 d5 58. Ra5 Bb6 59. Rb5
Ke5 60. h6 f3+ 61. Kh3 Kf6 62. Ne3 Bxe3 63. Rxb7 Bxh6 64. Rb6+ Kg7 65. Kg3 Bd2
66. Rd6 Be1 67. Rxd5 e3 68. Kxf3 exf2 69. Ke2 Kf6 70. Rf5+ Kg7 71. Kd3 Kh6 72.
Ke4 Kh7 73. Rf6 Kg7 74. Rf3 Kg6 75. Kf4 Kh6 76. g5+ Kg6 77. Kg4 Kh7 78. Kh5 Kg7
79. Rf6 Kh7 80. Rf7+ Kh8 81. Kg6 Kg8 82. Rf3 Bd2 83. Rxf2 Bb4 84. Re2 Kf8 85.
Kh7 Bc5 86. g6 Bd4 87. g7+ Bxg7 88. Rf2+ Ke7 89. Kxg7 Ke6 90. Rh2 Ke5 91. Rh4
Kf5 92. Kf7 Ke5 93. Ke7 Kd5 94. Kf6 Kc6 95. Rh5 Kd7 96. Ke5 Kc6 97. Ke6 Kc7 98.
Rc5+ Kb7 99. Kd7 Kb6 100. Rd5 Kb7 101. Rd6 Kb8 102. Kc6 Kc8 103. Kb6 Kb8 104.
Rd8# 1-0

[Event "ICS rated blitz match"]
[Site "204.178.125.65"]
[Date "2000.03.10"]
[Round "?"]
[White "heatstroke"]
[Black "Hossa"]
[Result "1-0"]
[WhiteElo "2893"]
[BlackElo "2414"]
[PlyCount "111"]

1. e4 c5 2. Nf3 d6 3. d4 cxd4 4. Nxd4 Nf6 5. Nc3 a6 6. Be2 e5 7. Nb3 Be7 8. O-O
O-O 9. Be3 Be6 10. Qd2 Nbd7 11. a4 Rc8 12. a5 Qc7 13. Rfd1 Qc6 14. Bf3 Rfe8 15.
Qe1 h6 16. Nc1 Ra8 17. Nd3 b5 18. Nb4 Qb7 19. Ncd5 Nxd5 20. Nxd5 Bxd5 21. Rxd5
Nf6 22. Rdd1 Nxe4 23. Bxh6 f5 24. Be3 Qc6 25. Bh5 Rf8 26. Qb4 Qxc2 27. Rac1 Qa4
28. Qxa4 bxa4 29. Be2 Kh7 30. f3 Nc5 31. Rc2 a3 32. bxa3 Kg6 33. Bxc5 dxc5 34.
Rd7 Bg5 35. Kf2 e4 36. Rxc5 Rf6 37. Rcc7 Kh6 38. Rxg7 Rh8 39. fxe4 fxe4+ 40.
Kg1 Bf4 41. Rcd7 Be3+ 42. Kh1 Rb8 43. h4 Rb1+ 44. Kh2 Bf4+ 45. Kh3 Bb8 46. g3
Rc6 47. Rh7+ Kg6 48. Bh5+ Kf5 49. Bg4+ Kg6 50. Rhg7+ Kf6 51. Rgf7+ Ke5 52. Rf5+
Ke6 53. Rc5+ Kf6 54. Rxc6+ Bd6 55. Rcxd6+ Ke5 56. Re6# 1-0

[Event "ICS rated blitz match"]
[Site "204.178.125.65"]
[Date "2000.03.10"]
[Round "?"]
[White "scriabin"]
[Black "Hossa"]
[Result "0-1"]
[WhiteElo "2193"]
[BlackElo "2412"]
[PlyCount "134"]

1. d4 Nf6 2. c4 e6 3. Nc3 Bb4 4. e3 O-O 5. Bd3 d5 6. Nf3 dxc4 7. Bxc4 c5 8. a3
cxd4 9. axb4 dxc3 10. bxc3 Qxd1+ 11. Kxd1 Rd8+ 12. Ke2 Ne4 13. Bb2 Nd6 14. Bd3
Nd7 15. c4 Nb8 16. Rhd1 Nc6 17. Bc3 f6 18. b5 Nb8 19. c5 Nf7 20. Bc4 Rxd1 21.
Rxd1 a6 22. Nd4 axb5 23. Bxb5 e5 24. Nc2 Bf5 25. Nb4 Ra5 26. Bc4 Kf8 27. Ra1
Rxc5 28. Ra8 Rxc4 29. Rxb8+ Rc8 30. Rxc8+ Bxc8 31. Nd5 Ke8 32. Nb6 Bd7 33. Bb4
e4 34. f3 Bb5+ 35. Kf2 Ne5 36. Bd6 Nd3+ 37. Kg3 Bc6 38. f4 Kf7 39. h4 Ke6 40.
Ba3 f5 41. Kh2 Bb5 42. g3 Ne1 43. Kg1 Nf3+ 44. Kf2 g6 45. Bb4 Ba6 46. Ba3 Bd3
47. Bb4 h5 48. Ba3 Bb5 49. Bb4 Kf7 50. Ba3 Kg8 51. Bb4 Kg7 52. Ba3 Kf7 53. Bb4
Ke6 54. Ba3 Bd3 55. Bb4 Nh2 56. Ba3 Ng4+ 57. Ke1 Nxe3 58. Bb2 Kd6 59. Be5+ Kc5
60. Nd7+ Kb5 61. Nf8 Nc2+ 62. Kd2 Kc4 63. Nd7 e3+ 64. Kc1 e2 65. Nb6+ Kb3 66.
Kd2 e1=Q+ 67. Kxd3 Qd1# 0-1

[Event "ICS rated blitz match"]
[Site "204.178.125.65"]
[Date "2000.03.10"]
[Round "?"]
[White "Hossa"]
[Black "Zippy"]
[Result "1/2-1/2"]
[WhiteElo "2419"]
[BlackElo "2335"]
[PlyCount "157"]

1. d4 Nf6 2. c4 g6 3. Nc3 Bg7 4. e4 d6 5. Be2 O-O 6. Bg5 Nbd7 7. Nf3 c5 8. d5
Nb6 9. a4 Bg4 10. a5 Nbd7 11. a6 Rb8 12. O-O bxa6 13. Rxa6 Rxb2 14. Rxa7 Qb8
15. Ra1 Re8 16. Bc1 Rb3 17. Ra8 Qxa8 18. Qxb3 Rb8 19. Qc2 Qa6 20. Nb5 Nb6 21.
Bg5 h6 22. Bxf6 Bxf6 23. Qd2 Bg7 24. Rd1 Qa4 25. Qd3 Bd7 26. Rb1 Qa2 27. Rb3
Rb7 28. Bf1 Bf6 29. Qe3 h5 30. Nd2 Qa1 31. Rb1 Qa4 32. Be2 Nxc4 33. Bxc4 Bxb5
34. Bf1 Ba6 35. Rc1 Bxf1 36. Rxf1 Qc2 37. Nf3 Rb3 38. Qf4 c4 39. g3 Rb1 40. Ne1
Qe2 41. Qe3 Qxe3 42. fxe3 Rb2 43. Rf2 c3 44. Nc2 h4 45. Kg2 Kg7 46. Kh3 hxg3
47. hxg3 e6 48. Kg2 Be5 49. Kf3 Kf8 50. Kg2 Ke7 51. Kh3 f5 52. exf5 gxf5 53.
dxe6 d5 54. Kg2 Kxe6 55. Kf3 Kd6 56. Kg2 Kc5 57. Kh3 Bg7 58. g4 Bh6 59. Kg2
fxg4 60. Kg3 Kc4 61. Rh2 Rb6 62. Kxg4 Kd3 63. Kf5 Bxe3 64. Nxe3 Kxe3 65. Rc2
Kd3 66. Rh2 c2 67. Rh3+ Kd4 68. Rh1 Rb1 69. Rh4+ Kc3 70. Rh3+ Kb4 71. Rh7 c1=Q
72. Ra7 Qf1+ 73. Kg4 Qg1+ 74. Kf5 Qf2+ 75. Ke6 Qe3+ 76. Kd6 Qxa7 77. Ke5 Re1+
78. Kf4 Qe3+ 79. Kg4 1/2-1/2

[Event "ICS rated blitz match"]
[Site "204.178.125.65"]
[Date "2000.03.10"]
[Round "?"]
[White "Tinker"]
[Black "Hossa"]
[Result "0-1"]
[WhiteElo "2445"]
[BlackElo "2415"]
[PlyCount "168"]

1. e4 c5 2. Nc3 Nc6 3. Nge2 d6 4. f4 e5 5. Nd5 Nf6 6. Nec3 exf4 7. Nxf4 Nd4 8.
Nfe2 Bg4 9. h3 Bh5 10. g4 Nd7 11. Bg2 Qh4+ 12. Kf1 Nxe2 13. Qxe2 Bg6 14. Nd5
O-O-O 15. Qe1 Qxe1+ 16. Kxe1 f6 17. d3 Bf7 18. Ne3 Re8 19. Rf1 Be6 20. a4 h5
21. gxh5 Rxh5 22. a5 a6 23. Bd2 f5 24. exf5 Bxf5 25. Ra4 Nf6 26. Kd1 Bxh3 27.
Bxh3+ Rxh3 28. Nf5 d5 29. Raf4 Rh2 30. R4f3 Rg2 31. Ne3 Rg5 32. Nc4 Rh5 33.
Nb6+ Kc7 34. R3f2 Kc6 35. Kc1 Rh8 36. Rg2 Re6 37. c4 dxc4 38. dxc4 Ne4 39. Be3
g5 40. Nd5 Rg8 41. Rf7 Bd6 42. Kb1 g4 43. Rh7 Reg6 44. Rf7 R6g7 45. Rf5 g3 46.
Rh5 Bc7 47. Rh6+ Kd7 48. Nxc7 Kxc7 49. Re6 Rg4 50. Rh6 R8g7 51. Rh5 Kc6 52. Kc2
Rd7 53. Rh3 Rf7 54. Rh6+ Rf6 55. Rxf6+ Nxf6 56. Kd1 Ne4 57. Ke2 Nd6 58. Kf3
Rxc4 59. Rxg3 Rb4 60. Rg2 Nc4 61. Bc1 Rb3+ 62. Ke4 Nxa5 63. Rg6+ Kb5 64. Rg7 b6
65. Rg2 Rb4+ 66. Kd5 Nc6 67. Be3 Rh4 68. Rd2 Nd4 69. Bxd4 Rxd4+ 70. Rxd4 cxd4
71. Kxd4 Kb4 72. Kd5 Kb3 73. Kc6 b5 74. Kb6 Kxb2 75. Kxa6 b4 76. Kb5 Kc3 77.
Kc5 b3 78. Kd5 b2 79. Ke4 b1=Q+ 80. Ke5 Qf1 81. Kd5 Qf6 82. Ke4 Qg5 83. Kf3 Kd3
84. Kf2 Qg4 0-1

[Event "ICS rated blitz match"]
[Site "204.178.125.65"]
[Date "2000.03.10"]
[Round "?"]
[White "Hossa"]
[Black "undertaker1"]
[Result "1-0"]
[WhiteElo "2432"]
[BlackElo "2582"]
[PlyCount "165"]

1. e4 e5 2. Nf3 Nc6 3. Bb5 a6 4. Ba4 Nf6 5. O-O Be7 6. Re1 b5 7. Bb3 d6 8. c3
O-O 9. h3 Na5 10. Bc2 c5 11. d4 Qc7 12. Nbd2 cxd4 13. cxd4 Nc6 14. d5 Nb4 15.
Bb1 a5 16. Re3 Na6 17. Rc3 Nc5 18. a3 Bb7 19. Nb3 Nfd7 20. Be3 Rfd8 21. Bd3 b4
22. Rcc1 Rdc8 23. Bb5 Nf6 24. Nxc5 dxc5 25. Qc2 Bd6 26. a4 Nh5 27. Qc4 Qe7 28.
Rc2 Qf6 29. Bg5 Qg6 30. b3 f5 31. exf5 Qxf5 32. Re1 Nf4 33. Bxf4 exf4 34. Rd2
Rc7 35. Rdd1 Rd8 36. Bc6 Bc8 37. Re2 Qg6 38. Kh1 Qh5 39. Rde1 Bxh3 40. Re8+
Rxe8 41. Rxe8+ Kf7 42. Qe2 Bg4+ 43. Kg1 g6 44. Qe4 Kg7 45. Ne5 Bd1 46. Nc4 Bxb3
47. Nxd6 Qd1+ 48. Qe1 Kh6 49. Qxd1 Bxd1 50. Ne4 c4 51. d6 Rg7 52. d7 Rxd7 53.
Bxd7 c3 54. Rc8 c2 55. Nd2 Kg5 56. Nb3 Kf6 57. Nxa5 f3 58. gxf3 g5 59. Rc6+ Ke5
60. Nb3 h5 61. a5 Bxf3 62. Rxc2 Kd6 63. Rd2+ Kc7 64. Nc5 Kb8 65. Rd4 b3 66. Bf5
b2 67. Rb4+ Ka7 68. Rxb2 g4 69. Rb4 Bd5 70. Bg6 h4 71. Rxg4 h3 72. Rh4 Kb8 73.
Rxh3 Kc7 74. Rc3 Bg8 75. f4 Kc6 76. Kf2 Kb5 77. a6 Kb6 78. f5 Ka7 79. f6 Bd5
80. f7 Bc6 81. f8=Q Bh1 82. Rb3 Bd5 83. Qb8# 1-0

[Event "ICS Rated standard match"]
[Site "204.178.125.65"]
[Date "2000.03.10"]
[Round "?"]
[White "QueenMaxima"]
[Black "Hossa"]
[Result "0-1"]
[WhiteElo "2353"]
[BlackElo "2206"]
[PlyCount "130"]

1. e4 c5 2. Nf3 e6 3. d3 d5 4. Nbd2 Nc6 5. g3 Nf6 6. Bg2 Be7 7. Qe2 Nb4 8. Nb3
dxe4 9. dxe4 b6 10. Ne5 Nd7 11. Nc4 Ba6 12. f4 b5 13. Ne3 c4 14. Nd2 Bb7 15. a3
Nc6 16. Qg4 g5 17. fxg5 Bxg5 18. Nf3 Nce5 19. Nxe5 Nxe5 20. Qh5 h6 21. h4 Bf6
22. a4 Rg8 23. Qxh6 Rxg3 24. Qf4 Rxe3+ 25. Qxe3 Bxh4+ 26. Ke2 bxa4 27. Qc3 Ng6
28. Rxa4 a5 29. Qg7 Ba6 30. Kf3 c3 31. Qg8+ Nf8 32. b3 Qf6+ 33. Kg4 Be2+ 34.
Kh3 Bf2 35. Qg5 Qh8+ 36. Qh6 Qg8 37. Bg5 Nh7 38. Bf4 Ke7 39. Kh2 Ra6 40. Be5 f6
41. Qf4 Bb6 42. Bxc3 e5 43. Qf5 Be3 44. Be1 Ng5 45. Bg3 Qh8+ 46. Bh3 Rd6 47.
Be1 Nf3+ 48. Kg2 Nxe1+ 49. Rxe1 Qg8+ 50. Kh1 Bf4 51. Bg2 Bg4 52. Qxf4 exf4 53.
e5 fxe5 54. Rxf4 Qg5 55. Rf2 Rd2 56. Ref1 Qh6+ 57. Kg1 Qe3 58. Bb7 Rxc2 59. Kg2
Bh3+ 60. Kh2 Rxf2+ 61. Rxf2 Qxf2+ 62. Kxh3 Kf6 63. Bc6 Kg5 64. Ba8 Kf4 65. Bb7
Qg3# 0-1

[Event "ICS rated standard match"]
[Site "204.178.125.65"]
[Date "2000.03.10"]
[Round "?"]
[White "Hossa"]
[Black "walartwww"]
[Result "0-1"]
[WhiteElo "2228"]
[BlackElo "2439"]
[PlyCount "125"]

1. e4 e5 2. Nf3 Nc6 3. Bb5 a6 4. Ba4 Nf6 5. O-O Be7 6. Re1 b5 7. Bb3 O-O 8. c3
d6 9. h3 Be6 10. d4 Bxb3 11. Qxb3 d5 12. exd5 Na5 13. Qd1 exd4 14. Nxd4 Re8 15.
Nc6 Nxc6 16. dxc6 Bc5 17. b4 Bb6 18. Rf1 Qxd1 19. Rxd1 Rad8 20. Rxd8 Rxd8 21.
Nd2 Nd5 22. Nf3 Nxc3 23. Bd2 Ne4 24. Be1 f5 25. a4 g5 26. axb5 axb5 27. Kf1 Rd6
28. Rc1 h6 29. Rc2 Re6 30. h4 g4 31. Ng1 f4 32. Ne2 f3 33. Nf4 Rd6 34. gxf3
gxf3 35. Nh3 Kf7 36. Ra2 Rxc6 37. Ra3 Rf6 38. Ng1 c5 39. bxc5 Bxc5 40. Rxf3 b4
41. Ke2 Ke6 42. Rxf6+ Nxf6 43. Kd3 Kd5 44. Ne2 Bd6 45. f4 Ne4 46. f5 Nc5+ 47.
Ke3 Kc4 48. Ng1 Nd3 49. Nf3 Nxe1 50. Nxe1 b3 51. Nd3 Be7 52. Kd2 Bf6 53. Nf4
Bxh4 54. Ne6 Bf6 55. Kc1 Kd5 56. Kb1 Ke5 57. Nc5 b2 58. Na4 Kxf5 59. Nb6 h5 60.
Nc4 h4 61. Nd2 h3 62. Nf1 Be5 63. Kc2 0-1

[Event "ICS rated blitz match"]
[Site "204.178.125.65"]
[Date "2000.03.11"]
[Round "?"]
[White "Hossa"]
[Black "cfd"]
[Result "1-0"]
[WhiteElo "2455"]
[BlackElo "2087"]
[PlyCount "85"]

1. e4 d6 2. d4 e5 3. Nf3 Nd7 4. Nc3 Be7 5. Bb5 c6 6. Be2 Ngf6 7. O-O O-O 8.
dxe5 dxe5 9. a3 Qc7 10. Bd2 a5 11. Be3 Nc5 12. Bxc5 Bxc5 13. Qd2 Bg4 14. Qg5
Bxf3 15. Bxf3 Rad8 16. Rad1 h6 17. Qc1 b5 18. Rxd8 Rxd8 19. Rd1 Rd7 20. Rxd7
Qxd7 21. Qe1 Qd6 22. a4 Bb4 23. axb5 cxb5 24. Nxb5 Qc5 25. Qe2 a4 26. c3 Ba5
27. Qf1 Nd7 28. Bd1 Nb6 29. Qe2 a3 30. Nxa3 Bxc3 31. bxc3 Qxa3 32. Qd3 Qc5 33.
h4 g6 34. Qd8+ Kg7 35. Bb3 Nc4 36. Qd5 Qxd5 37. exd5 Na5 38. d6 Nc6 39. Kf1 f5
40. c4 Kf8 41. Ba4 Nd4 42. c5 Kf7 43. c6 1-0

[Event "ICS rated blitz match"]
[Site "204.178.125.65"]
[Date "2000.03.11"]
[Round "?"]
[White "inmichess"]
[Black "Hossa"]
[Result "1-0"]
[WhiteElo "2361"]
[BlackElo "2458"]
[PlyCount "119"]

1. e4 e5 2. Nf3 Nc6 3. c3 Nf6 4. d4 Nxe4 5. d5 Ne7 6. Nxe5 Ng6 7. Nxg6 hxg6 8.
Bd3 Nf6 9. O-O Nxd5 10. Bxg6 Nf6 11. Bf5 Be7 12. Re1 O-O 13. Bf4 d5 14. Bxc8
Rxc8 15. Qb3 b6 16. Na3 c6 17. Re2 Qd7 18. Rae1 Ne4 19. Nc2 Qg4 20. Be3 Qh5 21.
Qa4 Bd6 22. h3 Qe5 23. g3 Qf5 24. Qxa7 Qxh3 25. Bxb6 Ng5 26. Re3 Ra8 27. Qb7
Rfc8 28. a3 Rab8 29. Qa6 Ne4 30. Nb4 Bxb4 31. axb4 Nd2 32. Bd4 Ra8 33. Qb7 f6
34. Ba7 Ne4 35. Qe7 Rd8 36. Qc7 Rac8 37. Qb7 Rf8 38. Bd4 Rf7 39. Qa6 g5 40. Qf1
Qh5 41. Qg2 Rh7 42. g4 Qh4 43. f3 Nd6 44. Bxf6 Rh6 45. Bd4 Ra8 46. R3e2 Rh7 47.
Bf2 Qh6 48. Re6 Qf8 49. Bc5 Rd7 50. Rg6+ Kf7 51. Qh2 Re7 52. Rf6+ Kxf6 53.
Qxd6+ Kf7 54. Rxe7+ Qxe7 55. Qxe7+ Kg8 56. Qxg5+ Kf7 57. Qf5+ Kg7 58. Bd4+ Kg8
59. Qg6+ Kf8 60. Bc5# 1-0

[Event "ICS rated standard match"]
[Site "204.178.125.65"]
[Date "2000.03.11"]
[Round "?"]
[White "inmichess"]
[Black "Hossa"]
[Result "0-1"]
[WhiteElo "2294"]
[BlackElo "2226"]
[PlyCount "174"]

1. e4 e5 2. Nf3 Nc6 3. c3 Nf6 4. d4 Nxe4 5. d5 Nb8 6. Bd3 Nc5 7. Nxe5 Nxd3+ 8.
Nxd3 d6 9. Qe2+ Be7 10. Bg5 f6 11. Be3 Nd7 12. Nf4 Ne5 13. Ne6 Bxe6 14. dxe6
O-O 15. f4 Nc6 16. f5 Ne5 17. Nd2 c6 18. O-O-O Re8 19. Bf4 Qa5 20. Kb1 Qa4 21.
g3 Kh8 22. Rhe1 Rac8 23. h4 b5 24. h5 h6 25. Nf3 b4 26. c4 b3 27. axb3 Qxb3 28.
Nxe5 dxe5 29. Be3 Bb4 30. Rg1 Rb8 31. Qd3 Bc3 32. Bc1 Qb4 33. Rg2 Bd4 34. Rgd2
a5 35. g4 a4 36. Ka2 Qc5 37. Rc2 Rb3 38. Qe2 Reb8 39. Rd3 Qb4 40. Kb1 a3 41.
Rxb3 Qxb3 42. c5 Kg8 43. e7 axb2 44. Bxb2 Bxb2 45. Rxb2 Qxb2+ 46. Qxb2 Rxb2+
47. Kxb2 Kf7 48. Kc2 Kxe7 49. Kc1 Kd8 50. Kd2 Kc7 51. Kc2 Kb7 52. Kb3 e4 53.
Kc4 Ka6 54. Kd4 Kb5 55. Ke3 Kc4 56. Kxe4 Kxc5 57. Ke3 Kc4 58. Kd2 Kd4 59. Kc2
Ke5 60. Kc3 Kf4 61. Kc4 Kxg4 62. Kd4 Kxh5 63. Ke4 Kg4 64. Kd4 c5+ 65. Kd3 c4+
66. Kxc4 h5 67. Kd4 h4 68. Kc3 h3 69. Kd3 Kxf5 70. Kd2 Kg4 71. Kc3 h2 72. Kb4
h1=Q 73. Kb3 Qd5+ 74. Kc3 Qc4+ 75. Kxc4 g5 76. Kd4 Kf3 77. Kd5 g4 78. Kd4 g3
79. Kd5 g2 80. Ke6 g1=Q 81. Kd6 Ke4 82. Ke6 Qd4 83. Kf7 Kf5 84. Ke7 Qd3 85. Ke8
Ke6 86. Kf8 Qg3 87. Ke8 Qg8# 0-1

[Event "ICS rated blitz match"]
[Site "204.178.125.65"]
[Date "2000.03.11"]
[Round "?"]
[White "Hossa"]
[Black "PostModernist"]
[Result "0-1"]
[WhiteElo "2438"]
[BlackElo "2535"]
[PlyCount "156"]

1. d4 d5 2. c4 e6 3. Nc3 c5 4. cxd5 exd5 5. Nf3 Nc6 6. Bg5 Be7 7. Bxe7 Ngxe7 8.
e3 cxd4 9. Nxd4 O-O 10. Nxc6 bxc6 11. Be2 Rb8 12. b3 Qd6 13. O-O Be6 14. Rc1
Rfd8 15. Na4 Rb4 16. Nc5 Re8 17. a3 Rh4 18. g3 Bh3 19. Re1 Qg6 20. Bd3 Bf5 21.
Bxf5 Nxf5 22. Qf3 Rg4 23. Kh1 Rg5 24. Qf4 Nh6 25. Qc7 Rh5 26. Qd7 Rf8 27. Kg2
Ng4 28. Rh1 Rf5 29. Nd3 Rf6 30. Rhd1 Qe4+ 31. Kg1 Qf3 32. Rd2 Nxe3 33. Ne1 Qf5
34. Qxa7 Ng4 35. b4 Ne5 36. Qd4 Re8 37. a4 Qh3 38. f4 Nc4 39. Rf2 Nd6 40. Nd3
Nf5 41. Qc3 d4 42. Qc4 Nxg3 43. hxg3 Qxg3+ 44. Rg2 Qe3+ 45. Nf2 d3 46. f5 d2
47. Rf1 Rxf5 48. Qg4 Qe5 49. b5 h5 50. Qh3 cxb5 51. a5 Qd5 52. Qc3 Rg5 53. Rxg5
Qxg5+ 54. Kh1 Re3 55. Qc7 Rg3 56. Qb8+ Kh7 57. Qxg3 Qxg3 58. Nd1 Qh3+ 59. Kg1
b4 60. Kf2 Qf5+ 61. Ke2 Qb5+ 62. Kf2 Qxa5 63. Kf3 b3 64. Kg2 Qb6 65. Nb2 Qd4
66. Nd1 b2 67. Nf2 Qd5+ 68. Kg1 Qg5+ 69. Kh2 h4 70. Kh1 Qg3 71. Rg1 Qf3+ 72.
Kh2 Qxf2+ 73. Kh1 Qxg1+ 74. Kxg1 b1=Q+ 75. Kg2 Qb3 76. Kf2 Qd3 77. Kg2 Qg3+ 78.
Kh1 d1=Q# 0-1

[Event "ICS Rated blitz match"]
[Site "204.178.125.65"]
[Date "2000.03.11"]
[Round "?"]
[White "Vanhelgi"]
[Black "Hossa"]
[Result "0-1"]
[WhiteElo "2149"]
[BlackElo "2426"]
[PlyCount "106"]

1. e4 c5 2. Nf3 e6 3. d3 d5 4. Nbd2 Nc6 5. g3 Nf6 6. Bg2 dxe4 7. dxe4 g6 8. O-O
Bg7 9. c3 O-O 10. Re1 e5 11. h3 Re8 12. Qc2 Re7 13. Nc4 b5 14. Ne3 Rd7 15. a4
bxa4 16. Rxa4 Bb7 17. Nc4 Qe7 18. Bg5 Rb8 19. Ne3 Qe6 20. Bxf6 Qxf6 21. Nd5 Qd6
22. Nd2 Rbd8 23. Nf1 f6 24. Nfe3 Ba8 25. Rea1 Bh6 26. Bf1 Bxe3 27. Nxe3 Kh8 28.
Bc4 Bb7 29. Bd5 Qf8 30. Nc4 Qh6 31. Kg2 f5 32. Re1 fxe4 33. Bxe4 Qg5 34. Qe2
Qf6 35. Kh2 Rf8 36. f3 Qg5 37. Raa1 Re7 38. h4 Qh5 39. Qe3 Re6 40. Qxc5 Rff6
41. Bxc6 Bxc6 42. Nxe5 Rxe5 43. Rxe5 Qxf3 44. Qg1 Rf7 45. Rae1 Rf8 46. Re7 a6
47. Qd4+ Rf6 48. Qg1 Rf8 49. Rc7 Rd8 50. Rxc6 Rd2+ 51. Kh3 Qxc6 52. Qe3 Qd7+
53. g4 Rd3 0-1

[Event "ICS rated blitz match"]
[Site "204.178.125.65"]
[Date "2000.03.11"]
[Round "?"]
[White "Hossa"]
[Black "owleyes"]
[Result "1-0"]
[WhiteElo "2431"]
[BlackElo "2355"]
[PlyCount "111"]

1. e4 c5 2. Nf3 e6 3. d4 cxd4 4. Nxd4 Nc6 5. Nc3 d5 6. exd5 exd5 7. Bb5 Bd7 8.
O-O Nf6 9. Bg5 Be7 10. Bxf6 Bxf6 11. Re1+ Kf8 12. Nde2 d4 13. Ne4 Qb6 14. Nxf6
gxf6 15. Bxc6 Bxc6 16. Qxd4 Qxd4 17. Nxd4 Rg8 18. f3 Rc8 19. Rad1 Kg7 20. Nf5+
Kh8 21. Rd3 Rgd8 22. Nd6 Kg7 23. Nxc8 Rxc8 24. c4 b5 25. c5 b4 26. f4 Kg6 27.
Rd4 Kf5 28. Rxb4 Rd8 29. h3 Rd2 30. g4+ Kg6 31. Re7 Rg2+ 32. Kf1 Rc2 33. Rxa7
Bg2+ 34. Ke1 Bxh3 35. f5+ Kg5 36. Rxf7 h6 37. Rg7+ Kh4 38. Rg6 Kg3 39. Rb3+ Kf4
40. Rxh3 Rxb2 41. Rhxh6 Rxa2 42. c6 Rc2 43. Rxf6 Kxg4 44. Rf7 Kf4 45. c7 Rc1+
46. Ke2 Rc5 47. Rh8 Rc2+ 48. Kd3 Rc1 49. Rh4+ Kg5 50. Rc4 Rd1+ 51. Kc3 Rc1+ 52.
Kd4 Rd1+ 53. Kc5 Rf1 54. c8=Q Rf4 55. Qg8+ Kh4 56. Rh7# 1-0

[Event "ICS rated blitz match"]
[Site "204.178.125.65"]
[Date "2000.03.11"]
[Round "?"]
[White "owleyes"]
[Black "Hossa"]
[Result "0-1"]
[WhiteElo "2333"]
[BlackElo "2439"]
[PlyCount "68"]

1. e4 e5 2. Nf3 Nc6 3. Bc4 Nf6 4. Qe2 Bc5 5. O-O d6 6. h3 O-O 7. c3 Be6 8. b4
Bb6 9. Bb5 Qd7 10. d3 a5 11. Bg5 Nh5 12. Kh2 axb4 13. cxb4 f5 14. Nc3 h6 15.
exf5 Rxf5 16. Be3 Nf4 17. Bxf4 Rxf4 18. Rac1 Rxb4 19. a4 Rf4 20. Ne4 Bd5 21. g3
Rf7 22. Nfd2 Nd4 23. Qd1 Nxb5 24. axb5 Qxb5 25. Nc4 Bxe4 26. Nxb6 Bf3 27. Rb1
Qxb6 28. Rxb6 Bxd1 29. Rxb7 Bc2 30. f3 c5 31. Rf2 Rxb7 32. g4 Bxd3 33. Kg3 c4
34. h4 c3 0-1

[Event "ICS rated blitz match"]
[Site "204.178.125.65"]
[Date "2000.03.11"]
[Round "?"]
[White "martiin"]
[Black "Hossa"]
[Result "0-1"]
[WhiteElo "2344"]
[BlackElo "2451"]
[PlyCount "108"]

1. e4 e5 2. Nf3 Nc6 3. Bb5 Nf6 4. Qe2 Bd6 5. c3 a6 6. Ba4 b5 7. Bb3 Bc5 8. O-O
O-O 9. Rd1 Re8 10. h3 d5 11. d3 dxe4 12. dxe4 Bd6 13. Bg5 Bd7 14. Nbd2 Qe7 15.
Nf1 Na5 16. Ne3 Nxb3 17. axb3 Be6 18. Nd5 Bxd5 19. Rxd5 Red8 20. Nh4 Qe6 21.
Bxf6 Qxf6 22. Nf5 Bf8 23. Ne3 Bd6 24. Rad1 Rab8 25. b4 Qg5 26. Qg4 Qf6 27. Nf5
g6 28. R1d2 Rb6 29. Ne3 Rbb8 30. R5d3 h5 31. Qd1 Qg5 32. g3 h4 33. Qg4 Be7 34.
Nd5 hxg3 35. fxg3 Qxg4 36. hxg4 Bg5 37. Rd1 Rbc8 38. Kg2 Kg7 39. Kf3 Rd7 40.
Ne3 Rxd3 41. Rxd3 Rh8 42. Nf1 Bc1 43. Rd7 c5 44. bxc5 Bxb2 45. c6 Rc8 46. c7 a5
47. Ne3 a4 48. Nd5 a3 49. Nb6 a2 50. Nxc8 a1=Q 51. Ke2 Bxc3 52. Rd1 Qb2+ 53.
Kf3 Bd4 54. Rf1 Qc3+ 0-1

[Event "ICS rated blitz match"]
[Site "204.178.125.65"]
[Date "2000.03.11"]
[Round "?"]
[White "Hossa"]
[Black "Axel89"]
[Result "1-0"]
[WhiteElo "2455"]
[BlackElo "2422"]
[PlyCount "27"]

1. e4 e6 2. d4 d5 3. Nc3 dxe4 4. Nxe4 Nf6 5. Nxf6+ Qxf6 6. Nf3 h6 7. Bd3 Bd6 8.
O-O Nc6 9. Be4 O-O 10. c4 Bd7 11. Be3 e5 12. dxe5 Nxe5 13. c5 Bc6 14. Bxc6 1-0

[Event "ICS rated blitz match"]
[Site "204.178.125.65"]
[Date "2000.03.11"]
[Round "?"]
[White "cfd"]
[Black "Hossa"]
[Result "0-1"]
[WhiteElo "2140"]
[BlackElo "2469"]
[PlyCount "63"]

1. d4 Nf6 2. Bg5 Ne4 3. Bf4 c5 4. d5 Qb6 5. Bc1 e6 6. c4 Qb4+ 7. Nd2 Nxd2 8.
Qxd2 Qxc4 9. dxe6 Qxe6 10. Nf3 d5 11. g3 Nc6 12. Bg2 Be7 13. O-O O-O 14. Rd1 d4
15. Ng5 Bxg5 16. Qxg5 Qxe2 17. Bf4 Qxb2 18. Qxc5 Rd8 19. a4 Bg4 20. Rdb1 Qe2
21. Rxb7 Bf3 22. Qf5 Rf8 23. Bd6 Bxg2 24. Kxg2 Na5 25. Re7 Qa6 26. Rd7 Qc6+ 27.
Kh3 g6 28. Qb5 Rfe8 29. Rd1 Qe4 30. Bf4 Nc6 31. Qd5 Qxd5 32. Rd6 0-1

[Event "ICS rated standard match"]
[Site "204.178.125.65"]
[Date "2000.03.11"]
[Round "?"]
[White "PostModernist"]
[Black "Hossa"]
[Result "1-0"]
[WhiteElo "2403"]
[BlackElo "2232"]
[PlyCount "101"]

1. c4 Nf6 2. Nf3 e6 3. Nc3 d5 4. d4 Nc6 5. e3 Be7 6. a3 O-O 7. Qc2 Re8 8. Be2
dxc4 9. Bxc4 Bd6 10. O-O Rf8 11. Qd1 e5 12. h3 exd4 13. exd4 Na5 14. Ba2 Re8
15. Bg5 Nc6 16. Qb3 Kh8 17. Qxf7 Rf8 18. Qc4 h6 19. Be3 Re8 20. Qb3 b6 21. Qc2
a5 22. Rfe1 Rf8 23. Nh4 Ne7 24. Nb5 Ba6 25. Bc1 g5 26. Nxd6 cxd6 27. Ng6+ Nxg6
28. Qxg6 Nh7 29. Bb1 Ra7 30. Qxh6 Bc4 31. Bd2 Kg8 32. a4 Rf6 33. Bxg5 Nxg5 34.
Qxg5+ Rg7 35. Re8+ Qxe8 36. Qxf6 Qe7 37. Qf3 Qe1+ 38. Kh2 Qd2 39. Ra3 Qxd4 40.
Re3 Be6 41. Rxe6 Qxa4 42. Rh6 Qe8 43. Ba2+ Rf7 44. Qg4+ Kf8 45. Rh8+ Ke7 46.
Qe6+ Kd8 47. Rxe8+ Kc7 48. Qxf7+ Kc6 49. Rc8+ Kb5 50. Qd5+ Ka4 51. Rc4# 1-0

[Event "ICS rated blitz match"]
[Site "204.178.125.65"]
[Date "2000.03.11"]
[Round "?"]
[White "Hossa"]
[Black "blackbear2"]
[Result "1-0"]
[WhiteElo "2473"]
[BlackElo "2302"]
[PlyCount "95"]

1. e4 c5 2. Nf3 d6 3. d4 cxd4 4. Nxd4 Nf6 5. Nc3 g6 6. Be3 Bg7 7. f3 Nc6 8. Qd2
Bd7 9. Nxc6 bxc6 10. Ba6 O-O 11. b4 Qc7 12. O-O Rfb8 13. Ne2 d5 14. Ng3 e5 15.
Bc5 d4 16. Rfd1 Be6 17. c3 Rd8 18. cxd4 exd4 19. Qf2 Rab8 20. Rab1 Nd7 21. Bxd4
Bxd4 22. Qxd4 Ne5 23. Qc5 Rxd1+ 24. Rxd1 Bxa2 25. f4 Ng4 26. Rd6 Qb6 27. Rxc6
Qxc5+ 28. bxc5 Rb1+ 29. Nf1 Ne3 30. Kf2 Nxf1 31. Bxf1 Rb2+ 32. Ke3 Rb3+ 33. Kd4
Rb4+ 34. Ke5 Kg7 35. Bd3 a5 36. Rb6 Rb3 37. Rxb3 Bxb3 38. c6 Ba4 39. c7 Bd7 40.
Ba6 a4 41. Kd6 Bg4 42. f5 gxf5 43. c8=Q a3 44. exf5 Kf6 45. Qd8+ Kxf5 46. Bc8+
Kf4 47. Qf6+ Ke4 48. Bxg4 1-0

[Event "ICS rated bullet match"]
[Site "204.178.125.65"]
[Date "2000.03.11"]
[Round "?"]
[White "Pablito"]
[Black "Hossa"]
[Result "0-1"]
[WhiteElo "2060"]
[BlackElo "2406"]
[PlyCount "120"]

1. e4 c5 2. c3 d5 3. exd5 Qxd5 4. d4 e6 5. Nf3 Nf6 6. Be2 Nc6 7. O-O cxd4 8.
cxd4 Be7 9. Nc3 Qd6 10. Be3 O-O 11. Qd2 Rd8 12. Rfd1 Qc7 13. Bf4 Qb6 14. Na4
Qb4 15. Qxb4 Nxb4 16. a3 Nbd5 17. Be5 Ne4 18. Rac1 f6 19. Bg3 Bd7 20. Nc5 Bxc5
21. dxc5 Rac8 22. b4 Ndc3 23. Re1 Nxg3 24. hxg3 Nd5 25. Bc4 Kf7 26. Rcd1 Ba4
27. Rd4 g5 28. g4 Nc7 29. Rde4 Bd7 30. Nd4 Ra8 31. Nf5 Rab8 32. Nd6+ Kg7 33. f4
gxf4 34. Rxf4 e5 35. Rf3 h6 36. Ref1 Rf8 37. Rd3 Bc8 38. Rd2 Bxg4 39. Rd3 f5
40. Rg3 h5 41. Kh1 f4 42. Rc3 Rfd8 43. Rd3 Be6 44. Rd2 Bxc4 45. Nxc4 Rxd2 46.
Nxd2 Nd5 47. Nc4 e4 48. Nd6 e3 49. Kg1 Kf6 50. g3 e2 51. Re1 Rg8 52. Kf2 fxg3+
53. Kg1 Nf4 54. Ne4+ Kf5 55. Nd2 g2 56. Nf3 Nh3+ 57. Kh2 g1=Q+ 58. Nxg1 Nxg1
59. Kh1 Nf3 60. Rxe2 Rg1# 0-1